Swim - BTS - All Lyrics - Paroles - ARIRANG - Statistics

General Stats
  • This quiz has been taken 156 times
  • The average score is 232 of 335
Answer Stats
Paroles % Correct
Swim,
100%
swim.
100%
swim
100%
Swim
100%
you.
99%
you
99%
You
99%
skin,
95%
skin
95%
skin.
95%
Water
95%
water
95%
I
94%
your
94%
a
92%
off
89%
watching
89%
falling
88%
could
87%
lifetime
87%
spend
87%
it
86%
be,
85%
be
85%
all
84%
just
84%
wanna
84%
begin.
82%
dive,
82%
dive.
82%
dive
82%
is
82%
This
82%
this
82%
how
80%
So
78%
so
78%
world.
77%
world
77%
begins.
75%
the
74%
Bad
71%
bad
71%
me
70%
me,
70%
deep
68%
girl
68%
girl ?
68%
in
68%
make
65%
Don't
63%
don't
63%
know
63%
with
62%
get
61%
to
61%
hard
59%
my
59%
Yeah
59%
Yeah,
59%
yeah
59%
like
58%
mad
58%
and
57%
easy
57%
baby,
56%
Baby,
56%
lost
56%
Splash,
56%
Splash
56%
ain't
54%
can
54%
moon
54%
waves
54%
where
53%
on
52%
sharks
52%
feet
51%
act,
49%
cold
49%
comin'
48%
here
48%
here,
48%
Nights
48%
Right
48%
run
48%
Take
48%
take
48%
that
48%
these,
47%
feel
46%
high
44%
never
44%
two
44%
accross
42%
gotta
42%
we
42%
You're
41%
fins
40%
gettin'
40%
place
40%
up
40%
drip
39%
think
39%
time
39%
back,
38%
drift
38%
I'm
38%
thing
38%
away ,
37%
away ?
37%
stunnin'
37%
wake
37%
only
35%
'bout
34%
Let
34%
love
34%
sea.
33%
line
32%
she's
32%
even
31%
Salt
31%
for
30%
Lookin'
30%
Oh
30%
tongue
30%
map,
28%
still
28%
can't
27%
goody,
27%
goody
27%
holdin'
27%
tell
27%
Why
27%
at,
26%
sad
26%
Gone
25%
hell
25%
shore,
24%
whole
24%
everything
23%
now
23%
ready
23%
ground,
22%
breath
20%
Name
19%
Sittin'
18%
chase
16%
Under
15%
face
12%
breathe
11%
from
11%
land
10%
Turn
9%
No matching quizzes found
Score Distribution
Percent of People with Each Score
Percentile by Number Answered
Your Score History
You have not taken this quiz